[Event "Sinnai Cup 15th"]
[Site "Sinnai"]
[Date "2012.11.24"]
[Round "4"]
[White "Erriu, Giampiero"]
[Black "Serra, Emanuele"]
[Result "0-1"]
[WhiteElo "1704"]
[BlackElo "1858"]
[PlyCount "74"]
[EventDate "2012.11.17"]
[EventType "swiss"]
[EventRounds "6"]
[EventCountry "ITA"]
[SourceTitle "EXT 2024"]
[Source "ChessBase"]
[SourceDate "2023.10.10"]
[SourceVersion "1"]
[SourceVersionDate "2023.10.10"]
[SourceQuality "1"]

1. c4 b5 2. c5 e5 3. b4 a5 4. bxa5 Bxc5 5. Bb2 Nc6 6. e3 Rxa5 7. g3 Nf6 8. Bg2 Bb7 9. Nc3 Nb4 10. Bxb7 Nd3+ 11. Kf1 Nxb2 12. Qc2 Nc4 13. Bg2 Ng4 14. Ke2 c6 15. Bf3 Nf6 16. h4 d5 17. Nh3 b4 18. Na4 Na3 19. Qb3 Bd6 20. Rac1 Qa8 21. Kf1 Rxa4 22. Kg2 Nc4 23. Rxc4 dxc4 24. Qxc4 0-0 25. Bxc6 Qc8 26. Rc1 Ra7 27. d4 exd4 28. exd4 Qf5 29. Bf3 Rc7 30. Qf1 Rxc1 31. Qxc1 Rc8 32. Qf1 Rc3 33. Qe2 h6 34. Ng1 Rc2 35. Qa6 Qe6 36. d5 Rxf2+ 37. Kxf2 Bxg3+ 0-1

[Event "Sinnai Cup 15th"]
[Site "Sinnai"]
[Date "2012.11.18"]
[Round "3"]
[White "Corona, Rafaele"]
[Black "Erriu, Giampiero"]
[Result "0-1"]
[WhiteElo "1647"]
[BlackElo "1704"]
[PlyCount "76"]
[EventDate "2012.11.17"]
[EventType "swiss"]
[EventRounds "6"]
[EventCountry "ITA"]
[SourceTitle "EXT 2024"]
[Source "ChessBase"]
[SourceDate "2023.10.10"]
[SourceVersion "1"]
[SourceVersionDate "2023.10.10"]
[SourceQuality "1"]

1. d4 Nf6 2. e3 b6 3. Nf3 Bb7 4. Bd3 e6 5. c4 c5 6. Nc3 cxd4 7. exd4 Be7 8. Bf4 0-0 9. 0-0 d6 10. Re1 Nbd7 11. Qe2 Nh5 12. Be3 g6 13. Be4 Bxe4 14. Nxe4 Ndf6 15. Bh6 Re8 16. h3 Bf8 17. Bg5 Be7 18. Bh6 Bf8 19. Bxf8 Rxf8 20. Rad1 Rc8 21. b3 Rc7 22. Nfg5 Nxe4 23. Nxe4 Re8 24. c5 bxc5 25. dxc5 d5 26. Nd6 Ree7 27. b4 a5 28. a3 axb4 29. axb4 e5 30. Qc2 d4 31. b5 Re6 32. b6 Rc6 33. Ne4 Qc8 34. Qa4 Nf4 35. Qa7 Re8 36. Nd6 Rxd6 37. cxd6 Qc6 38. f3 Qc2 0-1

[Event "Sinnai Cup 15th"]
[Site "Sinnai"]
[Date "2012.11.18"]
[Round "2"]
[White "Erriu, Giampiero"]
[Black "Mallo, Danilo"]
[Result "1/2-1/2"]
[WhiteElo "1704"]
[BlackElo "1888"]
[PlyCount "131"]
[EventDate "2012.11.17"]
[EventType "swiss"]
[EventRounds "6"]
[EventCountry "ITA"]
[SourceTitle "EXT 2024"]
[Source "ChessBase"]
[SourceDate "2023.10.10"]
[SourceVersion "1"]
[SourceVersionDate "2023.10.10"]
[SourceQuality "1"]

1. c4 Nf6 2. Nc3 e6 3. g3 Nc6 4. Bg2 d6 5. d3 Bd7 6. Nf3 Be7 7. Rb1 a6 8. b4 b5 9. cxb5 axb5 10. 0-0 Qb8 11. a3 d5 12. e4 d4 13. Ne2 e5 14. Bb2 Bd6 15. Nh4 g5 16. Nf5 Ne7 17. Nxd6+ cxd6 18. Rc1 Ra7 19. f4 Ng4 20. Qd2 Ne3 21. Rf2 Rg8 22. fxg5 Rc7 23. Rxc7 Qxc7 24. Nc1 Be6 25. Rf6 Rxg5 26. Ne2 Qa7 27. Bc1 Rg6 28. Rf2 Qa4 29. Qe1 Nc2 30. Qd2 Nxa3 31. Bxa3 Qxa3 32. Rf1 Nc6 33. Rb1 Kd7 34. Nc1 Na7 35. Qb2 Qxb2 36. Rxb2 f5 37. Rb1 Nc6 38. Ra1 fxe4 39. Bxe4 Rf6 40. Bxh7 d5 41. Nb3 Nxb4 42. Nc5+ Kd6 43. Nxe6 Rxe6 44. Rb1 Kc5 45. h4 e4 46. dxe4 dxe4 47. Rc1+ Kb6 48. Re1 e3 49. Kg2 Rf6 50. h5 Rf2+ 51. Kh3 e2 52. g4 Nd5 53. Kg3 Rf1 54. Rxe2 Rg1+ 55. Kf3 Ne3 56. Bf5 Nxf5 57. gxf5 Rg5 58. Re6+ Kc5 59. Ke4 Rxh5 60. f6 Rh4+ 61. Kf5 Rh1 62. f7 Rf1+ 63. Kg6 Rg1+ 64. Kh7 Rf1 65. Kg7 d3 66. Rf6 1/2-1/2

[Event "Sardegna Region-ch"]
[Site "Capoterra"]
[Date "2012.05.27"]
[Round "6"]
[White "Erriu, Giampiero"]
[Black "Depau, Alessandro"]
[Result "0-1"]
[WhiteElo "1739"]
[BlackElo "1614"]
[PlyCount "130"]
[EventDate "2012.05.19"]
[EventType "swiss"]
[EventRounds "6"]
[EventCountry "ITA"]
[SourceTitle "EXT 2014"]
[Source "ChessBase"]
[SourceDate "2013.11.20"]
[SourceVersion "1"]
[SourceVersionDate "2013.11.20"]
[SourceQuality "1"]

1. d4 Nf6 2. c4 c6 3. Nc3 d5 4. cxd5 cxd5 5. Nf3 Bf5 6. e3 a6 7. Bd3 Bxd3 8. Qxd3 e6 9. 0-0 Bd6 10. e4 dxe4 11. Nxe4 Nxe4 12. Qxe4 Qe7 13. d5 exd5 14. Qxd5 0-0 15. Re1 Qd7 16. g3 Qc6 17. Qd3 Bc5 18. Bd2 Qb6 19. Be3 Bxe3 20. Rxe3 Nc6 21. a3 Rad8 22. Qc2 Rd6 23. Rae1 h6 24. Re8 Rd8 25. Rxf8+ Rxf8 26. b4 a5 27. bxa5 Qxa5 28. Re3 Ra8 29. Kg2 Qd5 30. Rd3 Qe6 31. Qb3 Qe7 32. h4 Nd8 33. Re3 Ne6 34. Qa2 b5 35. Kg1 Qd6 36. Qb3 Qc5 37. Rc3 Qf5 38. Qc2 Qxc2 39. Rxc2 Rxa3 40. Ne5 Kf8 41. Kg2 Ke7 42. Rb2 f6 43. Ng6+ Kf7 44. h5 Nd4 45. Rd2 Ra4 46. Nf4 Rc4 47. Rb2 Ke7 48. Nd5+ Kd6 49. Nb6 Rc6 50. Rd2 Rxb6 51. Rxd4+ Kc6 52. Kf3 Rb7 53. Ke3 Re7+ 54. Kd2 Rd7 55. Kc3 Rxd4 56. Kxd4 Kd6 57. f3 Ke6 58. Kc5 Kf5 59. Kxb5 Kg5 60. Kc4 Kxh5 61. Kd5 Kg5 62. Ke6 f5 63. Ke5 g6 64. Ke6 f4 65. g4 h5 0-1

[Event "Sardegna Region-ch"]
[Site "Sardara"]
[Date "2011.05.21"]
[Round "2"]
[White "Corona, Rafaele"]
[Black "Erriu, Giampiero"]
[Result "1/2-1/2"]
[WhiteElo "1437"]
[BlackElo "1734"]
[PlyCount "51"]
[EventDate "2011.05.23"]
[EventType "swiss"]
[EventRounds "8"]
[EventCountry "ITA"]
[SourceTitle "EXT 2023"]
[Source "ChessBase"]
[SourceDate "2022.10.05"]
[SourceVersion "1"]
[SourceVersionDate "2022.10.05"]
[SourceQuality "1"]

1. e4 e6 2. Nf3 d5 3. Nc3 Nf6 4. e5 Ne4 5. d4 c5 6. Be3 Nxc3 7. bxc3 cxd4 8. cxd4 Be7 9. Bd3 Nc6 10. c3 Bd7 11. 0-0 Na5 12. Qc2 h6 13. Nd2 Rc8 14. Rac1 b5 15. Qd1 Nc4 16. Nxc4 bxc4 17. Bb1 Rb8 18. Qg4 Bf8 19. f4 h5 20. Qf3 f5 21. Qe2 Be7 22. Qf3 Kf8 23. Bf2 Be8 24. Rce1 h4 25. Kh1 a5 26. Rg1 1/2-1/2

[Event "Sardegna Region-ch"]
[Site "Sardara"]
[Date "2010.04.18"]
[Round "3"]
[White "Setzu, Francesco"]
[Black "Erriu, Giampiero"]
[Result "1/2-1/2"]
[WhiteElo "1760"]
[BlackElo "1777"]
[PlyCount "45"]
[EventDate "2010.04.17"]
[EventType "swiss"]
[EventRounds "8"]
[EventCountry "ITA"]
[SourceTitle "EXT 2024"]
[Source "ChessBase"]
[SourceDate "2023.10.10"]
[SourceVersion "1"]
[SourceVersionDate "2023.10.10"]
[SourceQuality "1"]

1. d4 Nf6 2. Nf3 b6 3. e3 Bb7 4. Bd3 e6 5. 0-0 c5 6. c3 Be7 7. Nbd2 d6 8. e4 Ba6 9. c4 Bb7 10. e5 dxe5 11. Nxe5 0-0 12. Ndf3 cxd4 13. Nxd4 Qc7 14. Nef3 Nbd7 15. Nb5 Qc6 16. Nbd4 Qc7 17. Nb5 Qc8 18. Re1 a6 19. Nc3 Bd6 20. Bg5 Qc7 21. Ne4 Nxe4 22. Bxe4 Bxe4 23. Rxe4 1/2-1/2

[Event "Cagliari Alfa Lum op"]
[Site "Cagliari"]
[Date "2009.08.29"]
[Round "4"]
[White "Pani, Luca"]
[Black "Erriu, Giampiero"]
[Result "1-0"]
[WhiteElo "1500"]
[BlackElo "1757"]
[PlyCount "83"]
[EventDate "2009.08.28"]
[EventType "swiss"]
[EventRounds "6"]
[EventCountry "ITA"]
[SourceTitle "EXT 2012"]
[Source "ChessBase"]
[SourceDate "2011.11.24"]
[SourceVersion "1"]
[SourceVersionDate "2011.11.24"]
[SourceQuality "1"]

1. d4 c5 2. Nf3 e6 3. e3 Nf6 4. Nbd2 Nc6 5. c3 b6 6. Bd3 Bb7 7. 0-0 Qc7 8. Re1 h6 9. e4 cxd4 10. cxd4 Nb4 11. Bb1 Be7 12. a3 Nc6 13. b4 0-0 14. Bb2 d5 15. e5 Ne8 16. Nf1 Qd8 17. Qd3 f5 18. exf6 Nxf6 19. Rxe6 Qd7 20. Re3 Rae8 21. Ne5 Nxe5 22. dxe5 Ne4 23. Rxe4 Qf5 24. Re2 Qxd3 25. Bxd3 Bc8 26. Nd2 Bf5 27. Bxf5 Rxf5 28. Nf3 Bd8 29. Rd1 Re6 30. Rxd5 Bg5 31. Nxg5 Rxg5 32. f4 Rf5 33. Rf2 h5 34. h4 Kh7 35. g3 Rg6 36. Kg2 Kh6 37. Rd6 Kh7 38. Rxg6 Kxg6 39. Re2 Rf7 40. e6 Re7 41. Kf3 Kh7 42. f5 1-0